Finis le titre de la chanson #31 - Statistiques

Statistiques générales
  • Ce quiz a été pris 111 fois
  • Le résultat moyen est 12 sur 30
Statistiques - réponses
Artistes Chanson Réponse % Correct
Claude François "Alexandrie..." Alexandra
98%
Francky Vincent "Fruit de la..." Passion
91%
Début De Soirée "Nuit de..." Folie
89%
Philippe Katerine "Louxor j'..." Adore
79%
Disclosure, Eliza Doolittle, Flume "You &..." Me
78%
Boys Town Gang "Can't Take My Eyes Off..." You
74%
Imagine Dragons "On Top Of The..." World
61%
Miley Cyrus "Party In The..." U.S.A.
57%
Lilly Wood and the Prick, Robin Schulz "Prayer in..." C
54%
The Jacksons "Can You Feel..." It
53%
Charles & Eddie "Would I Lie To..." You
51%
Lil Nas X, Jack Harlow "Industry..." Baby
43%
Black Eyed Peas "Meet Me..." Halfway
39%
Thelma Houston "Don't Leave Me This..." Way
37%
Tame Impala "The Less I Know The..." Better
30%
Les Négresses vertes "Sous le soleil de..." Bodega
28%
Drake, Lil Durk "Laugh Now Cry..." Later
28%
Gloria Gaynor "Never Can Say..." Goodbye
27%
Yeah Yeah Yeahs, A-Trak "Heads Will..." Roll
26%
Rod Stewart "Da Ya Think I'm..." Sexy?
25%
The Beach Boys "Wouldn't It Be..." Nice
23%
Sonny & Cher "I Got You..." Babe
22%
Tyler, The Creator ARE WE STILL..." FRIENDS?
18%
Supertramp "Goodbye..." Stranger
16%
Donna Summer "Bad..." Girls
13%
Eruption "One Way..." Ticket
13%
Bob Sinclar, Raffaella Carrà "Far L'..." Amore
12%
Coldplay "Charlie..." Brown
12%
Childish Gambino "Me and Your..." Mama
11%
Lukas Graham "Mama..." Said
11%
Aucun quiz correspondant
Distribution des résultats
% des personnes avec chaque résultat
Percentile par nombre de réponses
Votre historique - résultats
Vous n’avez pas pris ce quiz